01007nam a2200265 a 450000100060000000300080000600500170001400800410003103500190007204000270009104100080011808200240012610000390015024500360018926000310022530000250025665100280028165100480030965100330035783000620039094200120045299900170046495201400048195201200062155775BD-RjUL20211209080319.0880808s1939 enk 000 1 eng  a(BD-RjUL)55899 aDLCcDLCdBD-RjULbeng aeng 223a823.8bHAW 19391 aHardy, Thomas,d1840-1928.916609014aThe woodlanders /cThomas Hardy aLondon :bMacmillan,c1939 avii, 459 p. ;c23 cm aEnglandxDorset9166091 xTriangles (Interpersonal relations)9165754 xForests and forestry9166092 0aNew Wessex edition of the stories of Thomas Hardy9166093 2ddccBK c55775d55775 00102ddc40708NFICaRUCLbRUCLcStackd1990-10-29eShowkot Osman, Dhakal0o823.8 HAW 1939r2016-11-21 00:00:00tC-2w2021-12-09yBK 00102ddc40718NFICaRUCLbRUCLcReadingd2024-01-23l0o823.8 HAW 1939r2024-01-23 00:00:00tC-1w2024-01-23yBK